| 000 | 00781nam a2200253 i 4500 | ||
|---|---|---|---|
| 001 | 187568 | ||
| 003 | ES-MaACL | ||
| 005 | 20250809063542.0 | ||
| 008 | 171129s2007 sp |||| | spa d | ||
| 020 | _a978-84-96808-98-0 | ||
| 080 | _a291.37 | ||
| 100 | 1 |
_aGuénon, René, _d1886-1951 _960441 |
|
| 245 | 1 | 0 |
_aIniciación y realización espiritual / _cRené Guénon ; [traducción, Pedro Rodea]. |
| 250 | _a1ª ed. | ||
| 260 |
_aMadrid : _bSanz y Torres, _c2007. |
||
| 300 |
_a242 p. ; _c21 cm. |
||
| 490 | 1 | _aIgnitus | |
| 650 | 4 |
_aRitos de iniciación. _9163868 |
|
| 700 | 1 |
_aRodea, Pedro. _9163858 |
|
| 830 | 0 |
_aIgnitus _9192800 |
|
| 852 |
_aES-MaACL _jA-14089 _9194654 _bR.151482 _cDEPO1 _dOlim: N-7089 |
||
| 942 |
_2udc _cMONOGRAFIA |
||
| 999 |
_c187568 _d187568 |
||